Letter Pyramid - African Countries Quiz Stats

 Plays Quiz Updated Jul 24, 2019

Score 0/225 Timer 01:30
9 Plays Today
% Correct
XXXXXXXXXXXX
100%
XXXXXXXXXXXX
99.8%
XXXXXXXXXXXX
99.8%
XXXXXXXXXXXX
99.8%
XXXXXXXXXXXX
99.8%
XXXXXXXXXXXX
99.8%
XXXXXXXXXXXX
99.8%
XXXXXXXXXXXX
99.8%
XXXXXXXXXXXX
99.8%
Egypt
91.1%
Egypt
91.1%
Egypt
91.1%
Egypt
91.1%
Egypt
91.1%
Egypt
91.1%
Egypt
91.1%
Egypt
91.1%
Egypt
91.1%
Egypt
91.1%
Egypt
91.1%
Egypt
91.1%
Egypt
91.1%
Egypt
91.1%
Egypt
91.1%
Morocco
88.8%
Morocco
88.8%
Morocco
88.8%
Morocco
88.8%
Morocco
88.8%
Morocco
88.8%
Morocco
88.8%
Morocco
88.8%
Morocco
88.8%
Morocco
88.8%
Morocco
88.8%
Morocco
88.8%
Morocco
88.8%
Morocco
88.8%
Morocco
88.8%
Morocco
88.8%
Morocco
88.8%
Morocco
88.8%
Morocco
88.8%
Morocco
88.8%
Morocco
88.8%
Chad
88.2%
Chad
88.2%
Chad
88.2%
Chad
88.2%
Chad
88.2%
Chad
88.2%
Chad
88.2%
Chad
88.2%
Chad
88.2%
Chad
88.2%
Chad
88.2%
Chad
88.2%
Ethiopia
83.3%
Ethiopia
83.3%
Ethiopia
83.3%
Ethiopia
83.3%
Ethiopia
83.3%
Ethiopia
83.3%
Ethiopia
83.3%
Ethiopia
83.3%
Ethiopia
83.3%
Ethiopia
83.3%
Ethiopia
83.3%
Ethiopia
83.3%
Ethiopia
83.3%
Ethiopia
83.3%
Ethiopia
83.3%
Ethiopia
83.3%
Ethiopia
83.3%
Ethiopia
83.3%
% Correct
Ethiopia
83.3%
Ethiopia
83.3%
Ethiopia
83.3%
Ethiopia
83.3%
Ethiopia
83.3%
Ethiopia
83.3%
GuineaBissau
82.2%
GuineaBissau
82.2%
GuineaBissau
82.2%
GuineaBissau
82.2%
GuineaBissau
82.2%
GuineaBissau
82.2%
GuineaBissau
82.2%
GuineaBissau
82.2%
GuineaBissau
82.2%
GuineaBissau
82.2%
GuineaBissau
82.2%
GuineaBissau
82.2%
GuineaBissau
82.2%
GuineaBissau
82.2%
GuineaBissau
82.2%
GuineaBissau
82.2%
GuineaBissau
82.2%
GuineaBissau
82.2%
GuineaBissau
82.2%
GuineaBissau
82.2%
GuineaBissau
82.2%
GuineaBissau
82.2%
GuineaBissau
82.2%
GuineaBissau
82.2%
GuineaBissau
82.2%
GuineaBissau
82.2%
GuineaBissau
82.2%
GuineaBissau
82.2%
GuineaBissau
82.2%
GuineaBissau
82.2%
GuineaBissau
82.2%
GuineaBissau
82.2%
GuineaBissau
82.2%
GuineaBissau
82.2%
GuineaBissau
82.2%
GuineaBissau
82.2%
SouthAfrica
80%
SouthAfrica
80%
SouthAfrica
80%
SouthAfrica
80%
SouthAfrica
80%
SouthAfrica
80%
SouthAfrica
80%
SouthAfrica
80%
SouthAfrica
80%
SouthAfrica
80%
SouthAfrica
80%
SouthAfrica
80%
SouthAfrica
80%
SouthAfrica
80%
SouthAfrica
80%
SouthAfrica
80%
SouthAfrica
80%
SouthAfrica
80%
SouthAfrica
80%
SouthAfrica
80%
SouthAfrica
80%
SouthAfrica
80%
SouthAfrica
80%
SouthAfrica
80%
SouthAfrica
80%
SouthAfrica
80%
SouthAfrica
80%
SouthAfrica
80%
SouthAfrica
80%
SouthAfrica
80%
SouthAfrica
80%
SouthAfrica
80%
SouthAfrica
80%
% Correct
Madagascar
79.1%
Madagascar
79.1%
Madagascar
79.1%
Madagascar
79.1%
Madagascar
79.1%
Madagascar
79.1%
Madagascar
79.1%
Madagascar
79.1%
Madagascar
79.1%
Madagascar
79.1%
Madagascar
79.1%
Madagascar
79.1%
Madagascar
79.1%
Madagascar
79.1%
Madagascar
79.1%
Madagascar
79.1%
Madagascar
79.1%
Madagascar
79.1%
Madagascar
79.1%
Madagascar
79.1%
Madagascar
79.1%
Madagascar
79.1%
Madagascar
79.1%
Madagascar
79.1%
Madagascar
79.1%
Madagascar
79.1%
Madagascar
79.1%
Madagascar
79.1%
Madagascar
79.1%
Madagascar
79.1%
Rwanda
78.2%
Rwanda
78.2%
Rwanda
78.2%
Rwanda
78.2%
Rwanda
78.2%
Rwanda
78.2%
Rwanda
78.2%
Rwanda
78.2%
Rwanda
78.2%
Rwanda
78.2%
Rwanda
78.2%
Rwanda
78.2%
Rwanda
78.2%
Rwanda
78.2%
Rwanda
78.2%
Rwanda
78.2%
Rwanda
78.2%
Rwanda
78.2%
Mauritius
38.6%
Mauritius
38.6%
Mauritius
38.6%
Mauritius
38.6%
Mauritius
38.6%
Mauritius
38.6%
Mauritius
38.6%
Mauritius
38.6%
Mauritius
38.6%
Mauritius
38.6%
Mauritius
38.6%
Mauritius
38.6%
Mauritius
38.6%
Mauritius
38.6%
Mauritius
38.6%
Mauritius
38.6%
Mauritius
38.6%
Mauritius
38.6%
Mauritius
38.6%
Mauritius
38.6%
Mauritius
38.6%
Mauritius
38.6%
Mauritius
38.6%
Mauritius
38.6%
Mauritius
38.6%
Mauritius
38.6%
Mauritius
38.6%

You're not logged in!

Compare scores with friends on all Sporcle quizzes.
OR
Log In

Sporcle TV

Today on Sporcle TV


Watch our educational content, quiz creation guides, and fun videos on Sporcle TV.

Show Comments

Extras

Top Quizzes Today


Score Distribution

Your Account Isn't Verified!

In order to create a playlist on Sporcle, you need to verify the email address you used during registration. Go to your Sporcle Settings to finish the process.

Report this User

Report this user for behavior that violates our Community Guidelines.

Details: